000
00198 a2200097 4500
001
3580
100
_a
Koestter, A
245
_a
Sleepwalkers, the
260
_a
_b
Hutchinson
_c
090
_c
2844
_d
2844
942
_a
NUST-CAE
_c
M
_c
20491
999
_c
238653
_d
238653